000
00327 a2200145 4500
020
_a
972-8819-72-2
040
_a
ULA-LD-MS
082
_a
72
_b
72
100
_9
1185
_a
MELVIN,Jeremy
245
_a
Ismo Entender a Arquitetura
260
_a
Singapura,
_b
lisma
_c
2005.
300
_a
159p
650
_a
Arquitetura
942
_c
Livros
999
_c
2357
_d
2357